| 000 | 00525nam a22002057a 4500 | ||
|---|---|---|---|
| 003 | OSt | ||
| 005 | 20140310181706.0 | ||
| 008 | 121122t xxu||||| |||| 00| 0 eng d | ||
| 020 | _a0195811690 | ||
| 050 |
_aPZ 7 _b.L913 1989 |
||
| 082 |
_aKF _bL95o #2 |
||
| 100 |
_aLowe, Bill _96278 |
||
| 245 |
_aFog and Other Stories / _cBill Lowe. |
||
| 260 |
_aHongkong: _bOxford University Press Ltd., _c1979. |
||
| 300 |
_g21 cm. _a95 p. : |
||
| 541 | _j1 | ||
| 562 | _e1 | ||
| 650 |
_aFiction _9746 |
||
| 942 |
_2lcc _cBK-KF _kKF |
||
| 999 |
_c1358 _d1358 |
||